Literatura española en el exilio: un estudio comparativo
Tallennettuna:
| Päätekijä: | |
|---|---|
| Aineistotyyppi: | Kirja |
| Kieli: | espanja |
| Julkaistu: |
Madrid
Siglo XXI
1999
|
| Sarja: | Lingüística y Teoría Literaria
|
| Aiheet: | |
| Tagit: |
Lisää tagi
Ei tageja, Lisää ensimmäinen tagi!
|
MARC
| LEADER | 00000nam a2200000 a 4500 | ||
|---|---|---|---|
| 001 | UCM8342 | ||
| 003 | CL-VaPUC | ||
| 008 | 030307e19990000SP |||||||||||||||||spa|d | ||
| 082 | 0 | 4 | |a 860.9 |b UGA |2 21 |
| 100 | 0 | |a Ugarte, Michael |e author |9 474351 | |
| 245 | 1 | 0 | |a Literatura española en el exilio: un estudio comparativo |
| 300 | |a 247 p | ||
| 942 | |c BK | ||
| 945 | |d 20030307 00:00:00 |a cmena | ||
| 260 | |a Madrid |b Siglo XXI |c 1999 | ||
| 650 | 0 | |a Literatura española |9 306261 | |
| 650 | 0 | |a Interpretación literaria |9 415895 | |
| 650 | 0 | |a Antropología cultural y social |9 265143 | |
| 583 | |a last modification |c 20030307 00:00:00 |k Rodrigo Vera | ||
| 490 | 0 | |a Lingüística y Teoría Literaria | |
| 999 | |c 302878 |d 302876 | ||
| 952 | |0 0 |1 0 |4 0 |6 860_900000000000000_UGA_1999 |7 0 |8 A |9 363684 |a FDOPOS |b FDOPOS |d 2019-11-21 |i 3863212 |o 860.9 UGA 1999 |p 3863212 |r 2025-01-22 |w 2019-11-21 |y BK |k MLH | ||
| 952 | |0 0 |1 0 |4 0 |6 860_900000000000000_UGA_1999 |7 0 |8 A |9 363685 |a FDOPOS |b FDOPOS |d 2019-11-21 |i 4719468 |o 860.9 UGA 1999 |p 4719468 |r 2025-01-22 |w 2019-11-21 |y BK |k DLH | ||